| 000 | 00742nam a2200265Ia 4500 | ||
|---|---|---|---|
| 003 | OSt | ||
| 005 | 20220918110000.0 | ||
| 006 | a|||||r|||| 00| 0 | ||
| 007 | ta | ||
| 008 | 220915b |||||||| |||| 00| 0 eng d | ||
| 024 | _a81858 | ||
| 037 | _cReference Collections | ||
| 040 |
_aARTS _cARTS _beng |
||
| 041 |
_2eng _aeng |
||
| 082 | _aR85vN, N4 (RR) | ||
| 100 |
_aKearney Richard ed _95126 |
||
| 245 | 0 | _aTwentieth-century continental | |
| 260 |
_aLondon _bRoutledge _c1994 |
||
| 300 | _axliii,524p. | ||
| 490 | _aRoutledge history of philosophy; 8 | ||
| 500 | _aIncludes index | ||
| 650 | _aPHILOSOPHY | ||
| 942 |
_hR85vN, N4 (RR) _cREF |
||
| 999 |
_c110555 _d110555 |
||